000
00424nam a2200145Ia 4500
008
100204s9999 xx 000 0 und d
082
_b
14775
100
_a
काशिकर एस. एम.
245
_a
तिरंदाज
260
_b
"विनी पब्लिकेशन , पुणे"
_c
1991
300
_a
190
630
_a
तिरंदाज
730
_a
तिरंदाज
942
_c
BOOK
999
_c
459206
_d
459203